Proceedings othe R.R.I.M planters' conference,Kuala Lumpur,1973 (Record no. 24123)
[ view plain ]
| 000 -LEADER | |
|---|---|
| fixed length control field | 00551nam a2200193Ia 4500 |
| 082 ## - DEWEY DECIMAL CLASSIFICATION NUMBER | |
| Classification number | NR:063RG`1973' |
| Item number | RRM |
| 245 #0 - TITLE STATEMENT | |
| Title | Proceedings othe R.R.I.M planters' conference,Kuala Lumpur,1973 |
| 260 ## - PUBLICATION, DISTRIBUTION, ETC. (IMPRINT) | |
| Place of publication | KualaLumpur |
| Name of publisher | RRIM |
| Year of publication | 1973 |
| 650 ## - SUBJECT ADDED ENTRY--TOPICAL TERM | |
| Topical Term | Artificial defoliation |
| 650 ## - SUBJECT ADDED ENTRY--TOPICAL TERM | |
| Topical Term | ethrel trials |
| 650 ## - SUBJECT ADDED ENTRY--TOPICAL TERM | |
| Topical Term | Natural rubber processing |
| 650 ## - SUBJECT ADDED ENTRY--TOPICAL TERM | |
| Topical Term | palletisation |
| 650 ## - SUBJECT ADDED ENTRY--TOPICAL TERM | |
| Topical Term | rubber effluent |
| 650 ## - SUBJECT ADDED ENTRY--TOPICAL TERM | |
| Topical Term | Smallholders economics |
| 650 ## - SUBJECT ADDED ENTRY--TOPICAL TERM | |
| Topical Term | SMR |
| 650 ## - SUBJECT ADDED ENTRY--TOPICAL TERM | |
| Topical Term | tapping stimulation |
| 942 ## - ADDED ENTRY ELEMENTS (KOHA) | |
| Koha item type | Books |
| Withdrawn status | Lost status | Damaged status | Not for loan | Home library | Current library | Date acquired | Cost, normal purchase price | Full call number | Accession Number | Koha item type |
|---|---|---|---|---|---|---|---|---|---|---|
| RRII Library | RRII Library | 16/12/2021 | 25.00 | NR:063RG`1973' RRM | 04809 | Books |